Online
Catalog

El juego estratégico : (Record no. 24724)

MARC details
000 -CABECERA
campo de control de longitud fija 00825nam a2200229 u 4500
001 - NÚMERO DE CONTROL
campo de control 000025231
005 - FECHA Y HORA DE LA ÚLTIMA TRANSACCIÓN
campo de control 20200930023639.0
008 - DATOS DE LONGITUD FIJA--INFORMACIÓN GENERAL
campo de control de longitud fija 110211s1988 ag a r 001 0 spa d
020 ## - NÚMERO INTERNACIONAL ESTÁNDAR DEL LIBRO
Número Internacional Estándar del Libro 9503703158
040 ## - FUENTE DE LA CATALOGACIÓN
Centro catalogador/agencia de origen DO-SdBNP
Lengua de catalogación spa
Centro/agencia transcriptor BNPHU
041 17 - CÓDIGO DE LENGUA
Código de lengua del texto/banda sonora o título independiente spa
Código de lengua original eng
Fuente del código Código de idiomas MARC
082 ## - NÚMERO DE LA CLASIFICACIÓN DECIMAL DEWEY
Número de clasificación nn*
Número de documento/Ítem nn*
049 ## - FONDOS LOCALES (OCLC)
Fondos de biblioteca BNGR
100 1# - ENTRADA PRINCIPAL--NOMBRE DE PERSONA
Nombre de persona Brzezinski, Zbigniew.
9 (RLIN) 51714
240 10 - TÍTULO UNIFORME
Título uniforme Game plan.
Lenguaje de la obra Español
245 13 - MENCIÓN DE TÍTULO
Título El juego estratégico :
Resto del título la conducción de la contienda entre los Estados Unidos y la Unión Soviética /
Mención de responsabilidad, etc. Zbigniew Brzezinski ; traducción de Alejandro Tiscornia.
260 ## - PUBLICACIÓN, DISTRIBUCIÓN, ETC.
Lugar de publicación, distribución, etc. Buenos Aires :
Nombre del editor, distribuidor, etc. Planeta,
Fecha de publicación, distribución, etc. 1988.
300 ## - DESCRIPCIÓN FÍSICA
Extensión 280, [22] p. :
Otras características físicas il. ;
Dimensiones 21 cm.
534 ## - NOTA SOBRE LA VERSIÓN ORIGINAL
Encabezamiento principal del original Título original en inglés :
Mención de título del original Game plan
500 ## - NOTA GENERAL
Nota general Incluye índice tematico.
700 1# - PUNTO DE ACCESO ADICIONAL--NOMBRE DE PERSONA
Nombre de persona Tiscornia, Alejandro,
Término indicativo de función/relación tr.
9 (RLIN) 51715
Holdings
Estado de retiro Estado de pérdida Restricciones de uso No para préstamo Código de colección Localización permanente Ubicación/localización actual Ubicación en estantería Fecha de adquisición Número de inventario Total de préstamos Signatura topográfica completa Código de barras Fecha visto por última vez Precio válido a partir de Tipo de ítem Koha
        Monografías: Libros y Folletos General General En catalogación 11.02.2011 LF1   nn* nn* 25231-10 25.06.2020 25.06.2020 Préstamo en sala

Powered by Koha